| 000 | 00487cam a2200193ua 4500 | ||
|---|---|---|---|
| 020 | _cRs 3.00 | ||
| 041 |
_ahin _h |
||
| 082 |
_a891.54 _bKRI/TU |
||
| 100 | _aKrishna Chandra, Sharma . | ||
| 245 |
_aTulanatmak adyayan / _cKrishna Chandra Sharma. _hTextual Documents |
||
| 250 |
_a1 / _b. |
||
| 260 |
_a : _bAtmaram and Sons , _c1954. |
||
| 300 | _a189 ; . | ||
| 365 | _aRs 3.00 | ||
| 504 | _a | ||
| 700 | 1 | _aDevisharan, Rastougi . | |
| 942 | _cBK | ||
| 999 |
_c3673 _d3673 |
||